[Event "Wch Blitz"]
[Site "New York"]
[Date "2024.12.30"]
[Round "7"]
[White "Dragnev, Valentin"]
[Black "Gretarsson, Helgi Ass"]
[Result "1-0"]
[WhiteElo "2563"]
[BlackElo "2418"]
[PlyCount "125"]
[EventDate "2024.12.30"]
[EventType "swiss (blitz)"]
[EventRounds "13"]
[EventCountry "USA"]
[SourceTitle "CB01_2025"]
[SourceDate "2025.01.01"]
[SourceVersion "1"]
[SourceVersionDate "2025.01.01"]
[SourceQuality "1"]

1. e4 g6 2. d4 d6 3. Nf3 c6 4. Be3 Nf6 5. Nc3 Nbd7 6. Qd2 Qc7 7. a3 b5 8. Bd3 a6 9. Bh6 Bxh6 10. Qxh6 e5 11. 0-0 Bb7 12. dxe5 dxe5 13. Ng5 Qd6 14. Rad1 Qf8 15. Qh3 h6 16. Nf3 Qe7 17. a4 Kf8 18. Nd2 Kg7 19. Nb3 Rad8 20. Qe3 Qb4 21. axb5 cxb5 22. f3 Rc8 23. Rf2 Rc7 24. Na2 Qd6 25. c3 Qb6 26. Qxb6 Nxb6 27. Na5 Rd8 28. Be2 Rxd1+ 29. Bxd1 Bc8 30. Bb3 Nfd7 31. Nb4 Nc5 32. Ba2 Rd7 33. Nd5 Nxd5 34. Bxd5 Rd6 35. b4 Nd3 36. Rd2 Nf4 37. c4 f6 38. g3 Nh3+ 39. Kf1 Ng5 40. Ke2 Kf8 41. c5 Rd8 42. Ke3 Bh3 43. f4 Ne6 44. fxe5 fxe5 45. Nc6 Re8 46. Nxe5 Nc7 47. Nxg6+ Kg7 48. Nf4 Bc8 49. Bc6 Re5 50. Rd6 a5 51. Kd4 Re7 52. bxa5 b4 53. Kc4 Na6 54. Bd5 b3 55. Nd3 Rc7 56. Kxb3 Nxc5+ 57. Nxc5 Rxc5 58. Kb4 Rc1 59. Rc6 Rb1+ 60. Kc5 Bh3 61. a6 Ra1 62. Rc7+ Kf6 63. a7 1-0

[Event "Wch Blitz"]
[Site "New York"]
[Date "2024.12.30"]
[Round "1"]
[White "Gretarsson, Helgi Ass"]
[Black "Tari, Aryan"]
[Result "0-1"]
[WhiteElo "2418"]
[BlackElo "2629"]
[PlyCount "90"]
[EventDate "2024.12.30"]
[EventType "swiss (blitz)"]
[EventRounds "13"]
[EventCountry "USA"]
[SourceTitle "CB01_2025"]
[SourceDate "2025.01.01"]
[SourceVersion "1"]
[SourceVersionDate "2025.01.01"]
[SourceQuality "1"]

1. Nf3 d5 2. e3 Nf6 3. c4 e6 4. b3 b6 5. Bb2 Bb7 6. Nc3 Nbd7 7. Rc1 a6 8. cxd5 exd5 9. Ne2 Bd6 10. Ng3 g6 11. Be2 h5 12. 0-0 h4 13. Nh1 Qe7 14. Ne1 h3 15. g3 c5 16. f4 0-0-0 17. Nf2 Kb8 18. Nf3 Rhe8 19. Ng5 d4 20. Bf3 dxe3 21. dxe3 Bc7 22. Bxb7 Kxb7 23. Qf3+ Kb8 24. e4 Nf8 25. e5 Nd5 26. Rfd1 Nb4 27. a3 Rxd1+ 28. Rxd1 Nc2 29. Qd3 Nd4 30. Bxd4 Rd8 31. Qc3 cxd4 32. Qc4 Ne6 33. Nxe6 fxe6 34. b4 Qd7 35. Nxh3 d3 36. Nf2 b5 37. Qxd3 Qc6 38. Qe2 Rh8 39. Qe4 Qc3 40. Qxg6 Bb6 41. Rf1 Rd8 42. Qxe6 Qe3 43. Kg2 Rd2 44. Kh3 Qe2 45. Rc1 Qh5+ 0-1

[Event "Wch Rapid"]
[Site "New York"]
[Date "2024.12.28"]
[Round "13"]
[White "Barbosa, Oliver"]
[Black "Gretarsson, Helgi Ass"]
[Result "1-0"]
[WhiteElo "2610"]
[BlackElo "2392"]
[PlyCount "77"]
[EventDate "2024.12.26"]
[EventType "swiss (rapid)"]
[EventRounds "13"]
[EventCountry "USA"]
[SourceTitle "CB01_2025"]
[SourceDate "2025.01.01"]
[SourceVersion "1"]
[SourceVersionDate "2025.01.01"]
[SourceQuality "1"]

1. Nf3 d5 2. g3 Nd7 3. d4 Nb6 4. Bg2 Bf5 5. Nbd2 h6 6. c4 dxc4 7. e4 Bh7 8. 0-0 e6 9. Re1 c6 10. b3 cxb3 11. Qxb3 Nf6 12. Rb1 Nfd7 13. a4 a5 14. d5 Bb4 15. dxe6 fxe6 16. Qxe6+ Qe7 17. Qa2 Qf7 18. Qc2 0-0 19. Bb2 Rad8 20. Ba1 c5 21. Re2 c4 22. Bc3 Bxc3 23. Qxc3 Nxa4 24. Qxa5 Ndc5 25. Nf1 b6 26. Qb4 c3 27. Ra1 Qh5 28. Re3 Qe8 29. Nd4 Kh8 30. e5 c2 31. e6 Rc8 32. e7 Rf6 33. Qa3 Rc7 34. Nb5 Rxe7 35. Nc7 Qf8 36. Rxe7 Qxe7 37. Nd5 Qe5 38. Nxf6 Nb3 39. Qf8+ 1-0

[Event "Wch Rapid"]
[Site "New York"]
[Date "2024.12.28"]
[Round "11"]
[White "Gretarsson, Helgi Ass"]
[Black "Matviishen, Viktor"]
[Result "1-0"]
[WhiteElo "2392"]
[BlackElo "2436"]
[PlyCount "97"]
[EventDate "2024.12.26"]
[EventType "swiss (rapid)"]
[EventRounds "13"]
[EventCountry "USA"]
[SourceTitle "CB01_2025"]
[SourceDate "2025.01.01"]
[SourceVersion "1"]
[SourceVersionDate "2025.01.01"]
[SourceQuality "1"]

1. Nf3 Nf6 2. c4 e6 3. Nc3 d5 4. e3 b6 5. b3 Bb7 6. Bb2 g6 7. cxd5 exd5 8. Ne2 Bg7 9. g3 0-0 10. Bg2 a5 11. 0-0 a4 12. b4 a3 13. Bc3 c5 14. Rb1 Qe7 15. Nf4 Na6 16. bxc5 bxc5 17. Qb3 Nb4 18. Bxb4 cxb4 19. Qxb4 Qxb4 20. Rxb4 Ba6 21. d3 Rfc8 22. Rb3 Bf8 23. Nd4 Rab8 24. Rxb8 Rxb8 25. Nxd5 Nxd5 26. Bxd5 Bxd3 27. Rd1 Bb1 28. Bb3 Rxb3 29. Nxb3 Bxa2 30. Nc1 Be6 31. Rd8 Kg7 32. Ra8 Be7 33. Kf1 Kf6 34. Ke2 Ke5 35. Nd3+ Kd5 36. Ra4 Kc6 37. Kd2 Kb6 38. Kc2 Kb5 39. Ra7 Bd6 40. Nc1 Kb4 41. Nd3+ Kc4 42. e4 Bf8 43. Ne5+ Kd4 44. Nxf7 Bb4 45. Nd8 Bc4 46. Nc6+ Kc5 47. Nxb4 Kxb4 48. Rxh7 Bb3+ 49. Kb1 1-0

[Event "Wch Rapid"]
[Site "New York"]
[Date "2024.12.28"]
[Round "10"]
[White "Horvath, Dominik"]
[Black "Gretarsson, Helgi Ass"]
[Result "0-1"]
[WhiteElo "2430"]
[BlackElo "2392"]
[PlyCount "78"]
[EventDate "2024.12.26"]
[EventType "swiss (rapid)"]
[EventRounds "13"]
[EventCountry "USA"]
[SourceTitle "CB01_2025"]
[SourceDate "2025.01.01"]
[SourceVersion "1"]
[SourceVersionDate "2025.01.01"]
[SourceQuality "1"]

1. e4 g6 2. d4 Bg7 3. Nc3 d6 4. Be3 a6 5. g4 e5 6. dxe5 Bxe5 7. h3 Nc6 8. Qd2 h5 9. gxh5 Rxh5 10. Be2 Rh8 11. 0-0-0 Bg7 12. f4 Nf6 13. Bf3 Be6 14. Qg2 Bh6 15. Kb1 Nd7 16. Bc1 Qh4 17. Bg4 f5 18. exf5 gxf5 19. Nf3 Qf6 20. Bh5+ Kd8 21. Ng5 Nc5 22. Rhe1 Kd7 23. Be3 Bxg5 24. fxg5 Qg7 25. Bf3 Ne4 26. Nxe4 fxe4 27. Bxe4 Rxh3 28. Bd5 Bf5 29. Be4 Be6 30. Bd5 Bf5 31. Rf1 Qh7 32. Rxf5 Qxf5 33. Rf1 Rxe3 34. a3 Qh3 35. Rf7+ Ne7 36. Qf2 c6 37. Bg2 Qe6 38. b3 Re1+ 39. Ka2 Qe5 0-1

[Event "Wch Rapid"]
[Site "New York"]
[Date "2024.12.28"]
[Round "12"]
[White "Zarnicki, Pablo Adrian"]
[Black "Gretarsson, Helgi Ass"]
[Result "1/2-1/2"]
[WhiteElo "2460"]
[BlackElo "2392"]
[PlyCount "128"]
[EventDate "2024.12.26"]
[EventType "swiss (rapid)"]
[EventRounds "13"]
[EventCountry "USA"]
[SourceTitle "CB01_2025"]
[SourceDate "2025.01.01"]
[SourceVersion "1"]
[SourceVersionDate "2025.01.01"]
[SourceQuality "1"]

1. e4 g6 2. d4 d6 3. Nc3 c6 4. f4 d5 5. e5 h5 6. Nf3 Bg4 7. Be3 e6 8. Be2 Nh6 9. h3 Bxf3 10. Bxf3 Nf5 11. Bf2 h4 12. Ne2 a5 13. 0-0 a4 14. b3 Qa5 15. Rb1 axb3 16. axb3 Bb4 17. Qd3 Qa6 18. c4 Nd7 19. Kh2 Nb6 20. Rfc1 Qa2 21. Rd1 Ra3 22. c5 Nc8 23. Kg1 Ra8 24. Nc3 Qa5 25. Na4 Qd8 26. Bg4 Ra6 27. Qc2 Kf8 28. Nb2 Ra2 29. Ra1 Qa5 30. Rxa2 Qxa2 31. Rb1 Na7 32. Be2 Nb5 33. Bxb5 cxb5 34. Rc1 Ba3 35. Nd3 Qxc2 36. Rxc2 b4 37. c6 bxc6 38. Rxc6 Kg7 39. Kf1 Rb8 40. Ke2 Rb7 41. Kd2 Ra7 42. Kc2 Rb7 43. Nc5 Ra7 44. Rc8 Ne7 45. Rb8 Nf5 46. Rb6 Rc7 47. Rb7 Rxb7 48. Nxb7 g5 49. Nd6 gxf4 50. Nxf5+ exf5 51. Bxh4 Kg6 52. Be1 Kh5 53. Bd2 f3 54. gxf3 Kh4 55. Kd3 Kxh3 56. Ke3 Kg3 57. Be1+ Kg2 58. Kf4 Kf1 59. Bh4 Bb2 60. Be7 Bxd4 61. Bxb4 Ke2 62. Kxf5 Kxf3 63. e6 fxe6+ 64. Kxe6 Ke4 1/2-1/2

[Event "Wch Rapid"]
[Site "New York"]
[Date "2024.12.27"]
[Round "7"]
[White "Gretarsson, Helgi Ass"]
[Black "Makoto, Rodwell"]
[Result "1-0"]
[WhiteElo "2392"]
[BlackElo "2407"]
[PlyCount "65"]
[EventDate "2024.12.26"]
[EventType "swiss (rapid)"]
[EventRounds "13"]
[EventCountry "USA"]
[SourceTitle "CB01_2025"]
[SourceDate "2025.01.01"]
[SourceVersion "1"]
[SourceVersionDate "2025.01.01"]
[SourceQuality "1"]

1. Nf3 Nf6 2. c4 g6 3. g3 Bg7 4. Bg2 0-0 5. d4 d6 6. 0-0 Nbd7 7. Nc3 e5 8. e4 Re8 9. h3 c6 10. Re1 a5 11. Be3 exd4 12. Nxd4 Nc5 13. Qc2 a4 14. Rad1 Qa5 15. Bf4 Bf8 16. Nf3 Qb4 17. Bf1 Ne6 18. Bd2 Qa5 19. e5 dxe5 20. Ne4 Qd8 21. Bb4 Nd4 22. Rxd4 Nd7 23. Rxd7 Bxd7 24. Bxf8 Kxf8 25. Rd1 Qe7 26. Qd2 Bf5 27. Qh6+ Kg8 28. Nfg5 f6 29. Nxh7 Bxe4 30. Rd7 Qf7 31. Rxf7 Kxf7 32. Nxf6 Kxf6 33. Qh4+ 1-0

[Event "Wch Rapid"]
[Site "New York"]
[Date "2024.12.27"]
[Round "8"]
[White "Kvaloy, Aksel Bu"]
[Black "Gretarsson, Helgi Ass"]
[Result "0-1"]
[WhiteElo "2226"]
[BlackElo "2392"]
[PlyCount "74"]
[EventDate "2024.12.26"]
[EventType "swiss (rapid)"]
[EventRounds "13"]
[EventCountry "USA"]
[SourceTitle "CB01_2025"]
[SourceDate "2025.01.01"]
[SourceVersion "1"]
[SourceVersionDate "2025.01.01"]
[SourceQuality "1"]

1. e4 e5 2. Nf3 Nc6 3. Bb5 a6 4. Ba4 Nf6 5. d4 Nxe4 6. 0-0 b5 7. Bb3 d5 8. dxe5 Be6 9. c3 Be7 10. Nbd2 Nc5 11. Bc2 Bg4 12. h3 Bh5 13. Re1 d4 14. b4 d3 15. Bb1 Na4 16. Qb3 0-0 17. Re3 Bg6 18. Ne4 Kh8 19. Bxd3 f5 20. exf6 Bxf6 21. Bd2 Ne5 22. Nxe5 Bxe5 23. Qc2 Qh4 24. Ng3 Rxf2 25. Bxg6 Bxg3 26. Be4 Bf4 27. Qd1 Rd8 28. Qe1 Rdxd2 29. Bf3 Bxe3 30. Qxe3 Qd8 31. Re1 h6 32. Qe4 Nxc3 33. Qg6 Ne2+ 34. Kh1 Rd1 35. Be4 Rxe1+ 36. Kh2 Rh1+ 37. Kxh1 Qd1+ 0-1

[Event "EU-ch 24th"]
[Site "Petrovac"]
[Date "2024.11.18"]
[Round "10"]
[White "Gretarsson, Helgi Ass"]
[Black "Kubicka, Anna"]
[Result "0-1"]
[WhiteElo "2441"]
[BlackElo "2235"]
[PlyCount "108"]
[EventDate "2024.11.08"]
[EventType "swiss"]
[EventRounds "11"]
[EventCountry "MNE"]
[SourceTitle "CB47_2024"]
[SourceDate "2024.11.20"]
[SourceVersion "1"]
[SourceVersionDate "2024.11.20"]
[SourceQuality "1"]

1. Nf3 Nf6 2. b3 g6 3. Bb2 Bg7 4. c4 0-0 5. e3 c5 6. Be2 Nc6 7. 0-0 d5 8. Ne5 d4 9. Nxc6 bxc6 10. Bf3 Qc7 11. exd4 cxd4 12. Bxd4 Ng4 13. Bxg4 Bxd4 14. Nc3 f5 15. Be2 e5 16. Rc1 Be6 17. b4 Rad8 18. Qb3 Kh8 19. d3 g5 20. b5 c5 21. Bf3 e4 22. dxe4 g4 23. Bd1 f4 24. Nd5 Qg7 25. g3 f3 26. Rc2 Qe5 27. Re1 Rf7 28. Rd2 Rg8 29. Bc2 Rg5 30. Rxd4 Qxd4 31. Rd1 Qg7 32. Qe3 Bxd5 33. cxd5 Re5 34. a4 Re8 35. Bd3 Qc3 36. Rc1 Qa3 37. Qxc5 Qxd3 38. d6 Qxe4 39. h4 gxh3 40. Qc6 h2+ 41. Kxh2 Qe6 42. Rc4 Rd8 43. Re4 Qxd6 44. Qc3+ Qf6 45. Qe3 Rd5 46. Rh4 Re5 47. Qc3 Re6 48. Qc8+ Rf8 49. Qc5 Qg7 50. Rd4 Rfe8 51. Kg1 Re1+ 52. Kh2 R1e5 53. Qc3 Rh5+ 54. Kg1 Qe5 0-1

[Event "EU-ch 24th"]
[Site "Petrovac"]
[Date "2024.11.17"]
[Round "9"]
[White "Yeritsyan, Hayk"]
[Black "Gretarsson, Helgi Ass"]
[Result "1-0"]
[WhiteElo "2276"]
[BlackElo "2441"]
[PlyCount "123"]
[EventDate "2024.11.08"]
[EventType "swiss"]
[EventRounds "11"]
[EventCountry "MNE"]
[SourceTitle "CB47_2024"]
[SourceDate "2024.11.20"]
[SourceVersion "1"]
[SourceVersionDate "2024.11.20"]
[SourceQuality "1"]

1. d4 d5 2. Nf3 Nf6 3. c4 c6 4. e3 g6 5. Nc3 Bg7 6. cxd5 cxd5 7. Ne5 0-0 8. Be2 Nbd7 9. f4 Ne4 10. 0-0 Ndf6 11. Qb3 e6 12. Bd3 b6 13. a4 a6 14. Rd1 Bb7 15. Bd2 Nxd2 16. Rxd2 Rc8 17. Rc2 Ne8 18. Ne2 Rxc2 19. Qxc2 f6 20. Nc6 Qd6 21. Rc1 Rf7 22. b4 Rc7 23. b5 a5 24. Qb3 Kf7 25. Qc3 f5 26. Kh1 Kf8 27. Ng1 Nf6 28. Nf3 Ng4 29. Bb1 Bxc6 30. bxc6 Qb4 31. Kg1 Qxa4 32. h3 Nh6 33. Ng5 Ke7 34. Bd3 Bf6 35. Nxh7 Bh4 36. Ba6 Kd6 37. Bb7 Nf7 38. Rb1 Ke7 39. Kh2 Nd6 40. Ng5 Qa2 41. Rxb6 Qf2 42. Rb1 Bxg5 43. fxg5 Nc4 44. Ba6 Qxe3 45. Qxe3 Nxe3 46. Rb7 Kd6 47. Rxc7 Kxc7 48. Bb5 f4 49. h4 Ng4+ 50. Kh3 Nf2+ 51. Kh2 Ng4+ 52. Kg1 e5 53. dxe5 Nxe5 54. Kf2 d4 55. g4 d3 56. h5 Nxg4+ 57. Kf3 gxh5 58. Kxf4 d2 59. Ba4 Kd6 60. g6 Nf6 61. Kg5 Ng8 62. g7 1-0

[Event "EU-ch 24th"]
[Site "Petrovac"]
[Date "2024.11.13"]
[Round "6"]
[White "Gretarsson, Helgi Ass"]
[Black "Srdanovic, Jovana"]
[Result "1/2-1/2"]
[WhiteElo "2441"]
[BlackElo "2200"]
[PlyCount "84"]
[EventDate "2024.11.08"]
[EventType "swiss"]
[EventRounds "11"]
[EventCountry "MNE"]
[SourceTitle "CB47_2024"]
[SourceDate "2024.11.20"]
[SourceVersion "1"]
[SourceVersionDate "2024.11.20"]
[SourceQuality "1"]

1. c4 c6 2. Nf3 d5 3. e3 Nf6 4. Nc3 a6 5. b3 e6 6. Bb2 Nbd7 7. d4 Bd6 8. Qc2 0-0 9. Be2 e5 10. cxd5 e4 11. Nxe4 Nxe4 12. Qxe4 Qa5+ 13. Kf1 cxd5 14. Qc2 Nf6 15. Ne5 Be6 16. f3 Rac8 17. Qd1 Bf5 18. g4 Bc2 19. Qe1 Bb4 20. Qf2 Rc7 21. Kg2 Rfc8 22. a3 Bc3 23. Bxc3 Rxc3 24. Rhc1 Qc7 25. Bc4 dxc4 26. bxc4 Nxg4 27. fxg4 Be4+ 28. Kg1 Rxc1+ 29. Rxc1 f6 30. Qf4 Bd5 31. Nd3 Qxf4 32. Nxf4 Rxc4 33. Rb1 Be4 34. Rb6 Rc6 35. Rb4 Rc1+ 36. Kf2 Rc2+ 37. Ke1 a5 38. Ra4 g5 39. d5 Bf3 40. Nh5 Re2+ 41. Kf1 Rd2 42. Ke1 Re2+ 1/2-1/2

[Event "EU-ch 24th"]
[Site "Petrovac"]
[Date "2024.11.12"]
[Round "5"]
[White "Sapocinic, Semion"]
[Black "Gretarsson, Helgi Ass"]
[Result "0-1"]
[WhiteElo "2247"]
[BlackElo "2441"]
[PlyCount "100"]
[EventDate "2024.11.08"]
[EventType "swiss"]
[EventRounds "11"]
[EventCountry "MNE"]
[SourceTitle "CB47_2024"]
[SourceDate "2024.11.20"]
[SourceVersion "1"]
[SourceVersionDate "2024.11.20"]
[SourceQuality "1"]

1. c4 e5 2. Nc3 Nf6 3. Nf3 Nc6 4. e4 Bb4 5. d3 d6 6. a3 Bxc3+ 7. bxc3 h6 8. g3 0-0 9. Bg2 Nh7 10. Nh4 Qf6 11. Rb1 Rb8 12. Be3 b6 13. 0-0 Bd7 14. Qc2 g5 15. Nf5 Bxf5 16. exf5 Na5 17. f4 exf4 18. gxf4 g4 19. Be4 c5 20. h3 Qh4 21. Qg2 Qxh3 22. Qxh3 gxh3 23. Kf2 Rfe8 24. Bf3 Re7 25. Rg1+ Kf8 26. f6 Nxf6 27. f5 Re5 28. Bf4 Rbe8 29. Bxe5 Rxe5 30. Rh1 Rxf5 31. Rxh3 Nc6 32. Ke3 Ne5 33. Be2 h5 34. Rf1 Nfg4+ 35. Kd2 Rg5 36. Rfh1 Nf6 37. Bxh5 Nxh5 38. Rxh5 Rg2+ 39. Ke3 Rg3+ 40. Kf4 Rxd3 41. R1h3 Rxh3 42. Rxh3 Ke7 43. Ke4 Ke6 44. Rh6+ f6 45. Rh8 f5+ 46. Ke3 Nxc4+ 47. Kf4 Nxa3 48. Re8+ Kd5 49. Kxf5 Nb5 50. Re3 a5 0-1

[Event "Colonia de Sant Jordi GM 3rd"]
[Site "Colonia de Sant Jordi"]
[Date "2024.10.25"]
[Round "8"]
[White "Gretarsson, Helgi Ass"]
[Black "Ostrovskiy, Aleksandr A"]
[Result "1/2-1/2"]
[WhiteElo "2452"]
[BlackElo "2403"]
[PlyCount "117"]
[EventDate "2024.10.18"]
[EventType "tourn"]
[EventRounds "9"]
[EventCountry "ESP"]
[EventCategory "7"]
[SourceTitle "CB44_2024"]
[Source "Chessbase"]
[SourceDate "2024.10.30"]
[SourceVersion "1"]
[SourceVersionDate "2024.10.30"]
[SourceQuality "1"]

1. c4 e5 2. Nc3 Nf6 3. Nf3 Nc6 4. e4 Bb4 5. d3 d6 6. h3 a6 7. Be2 h6 8. 0-0 Bc5 9. Be3 Nd4 10. Qd2 Nxf3+ 11. Bxf3 Bxe3 12. Qxe3 c5 13. Rab1 0-0 14. b4 b6 15. Bd1 Be6 16. Ba4 Qc7 17. Rfc1 Rab8 18. Kh2 Nd7 19. Bxd7 Qxd7 20. a4 f5 21. exf5 Bxf5 22. Rc2 a5 23. bxa5 bxa5 24. Rb5 Qa7 25. Rcb2 Bd7 26. Rxb8 Rxb8 27. Rxb8+ Qxb8 28. Qf3 Qf8 29. Qd5+ Qf7 30. Nb5 Qxd5 31. cxd5 Kf8 32. Nxd6 Bxa4 33. Nb7 Bb5 34. Nxa5 Bxd3 35. Kg3 Be4 36. Nc4 Bxd5 37. Nxe5 Ke7 38. f4 Ke6 39. Kf2 Kf5 40. g4+ Ke4 41. Nd7 c4 42. f5 Kd3 43. f6 gxf6 44. Nxf6 Bc6 45. Nh5 c3 46. Nf4+ Kd2 47. Ne2 c2 48. Nd4 Be4 49. Nxc2 Bxc2 50. Kf3 Kd3 51. Kf4 Kd4 52. h4 Kd5 53. h5 Ke6 54. g5 hxg5+ 55. Kxg5 Kf7 56. h6 Kg8 57. h7+ Kh8 58. Kh6 Bg6 59. Kxg6 1/2-1/2

[Event "Colonia de Sant Jordi GM 3rd"]
[Site "Colonia de Sant Jordi"]
[Date "2024.10.23"]
[Round "6"]
[White "Szwed, Jacek"]
[Black "Gretarsson, Helgi Ass"]
[Result "0-1"]
[WhiteElo "2342"]
[BlackElo "2452"]
[PlyCount "64"]
[EventDate "2024.10.18"]
[EventType "tourn"]
[EventRounds "9"]
[EventCountry "ESP"]
[EventCategory "7"]
[SourceTitle "CB44_2024"]
[Source "Chessbase"]
[SourceDate "2024.10.30"]
[SourceVersion "1"]
[SourceVersionDate "2024.10.30"]
[SourceQuality "1"]

1. e4 g6 2. d4 d6 3. Nc3 c6 4. Be3 Nf6 5. h3 Nbd7 6. Nf3 Qc7 7. a4 Bg7 8. Be2 0-0 9. 0-0 e5 10. dxe5 Nxe5 11. Nd2 Re8 12. f4 Ned7 13. Bf3 Nxe4 14. Ndxe4 Bxc3 15. Nxd6 Rxe3 16. bxc3 Re6 17. Nc4 Nb6 18. Ne5 a5 19. Rb1 Rd6 20. Qc1 Nxa4 21. Qa3 Nb6 22. Kh1 Nd5 23. Rbd1 Rd8 24. c4 Nf6 25. Rxd8+ Qxd8 26. Rd1 Qf8 27. Qb2 Qe7 28. Bxc6 bxc6 29. Nxc6 Qe6 30. Rd8+ Ne8 31. Nd4 Qe4 32. Qb5 Bb7 0-1

[Event "Budapest SixDays 09 GM-C"]
[Site "Budapest"]
[Date "2024.09.26"]
[Round "5"]
[White "Gretarsson, Helgi Ass"]
[Black "Grebennikov, Nikolai A"]
[Result "1/2-1/2"]
[WhiteElo "2450"]
[BlackElo "2220"]
[PlyCount "101"]
[EventDate "2024.09.24"]
[EventType "tourn"]
[EventRounds "9"]
[EventCountry "HUN"]
[EventCategory "6"]
[SourceTitle "EXT 2025"]
[Source "ChessBase"]
[SourceDate "2024.10.14"]
[SourceVersion "1"]
[SourceVersionDate "2024.10.14"]
[SourceQuality "1"]

1. Nf3 c5 2. c4 g6 3. d4 cxd4 4. Nxd4 Nc6 5. e4 Bg7 6. Be3 Qb6 7. Nb3 Qc7 8. Qd2 Nf6 9. Nc3 Ng4 10. Bf4 e5 11. Bg3 0-0 12. h3 Bh6 13. Qd1 Nf6 14. Bh4 Ne8 15. Nd5 Qb8 16. c5 d6 17. Bb5 a6 18. Bxc6 bxc6 19. Nb6 Ra7 20. Nxc8 Qxc8 21. cxd6 g5 22. Nc5 gxh4 23. d7 Qd8 24. dxe8Q Qa5+ 25. Kf1 Rxe8 26. Qg4+ Kh8 27. Nb3 Qb5+ 28. Kg1 Rg8 29. Qxh4 Rg6 30. Qd8+ Kg7 31. Qa5 Qe2 32. Qxe5+ f6 33. Nd4 Qd3 34. Nf5+ Kf7 35. Nd6+ Kg8 36. Qe6+ Kh8 37. Nf5 Bf4 38. Qxc6 Rd7 39. Rf1 Rd8 40. Nh4 Rh6 41. g3 Rg8 42. Nf5 Rhg6 43. Kh2 Bxg3+ 44. Nxg3 Rxg3 45. Qxf6+ R8g7 46. Qf8+ Rg8 47. Qf6+ R8g7 48. Qf8+ Rg8 49. Qf6+ R8g7 50. Qf8+ Rg8 51. Qf6+ 1/2-1/2

[Event "Olympiad-45"]
[Site "Budapest"]
[Date "2024.09.15"]
[Round "5.17"]
[White "Petkov, Momchil"]
[Black "Gretarsson, Helgi Ass"]
[Result "0-1"]
[WhiteElo "2540"]
[BlackElo "2450"]
[PlyCount "102"]
[EventDate "2024.09.11"]
[EventType "team-swiss"]
[EventRounds "11"]
[EventCountry "HUN"]
[SourceTitle "EXT 2025"]
[Source "ChessBase"]
[SourceDate "2024.10.14"]
[SourceVersion "1"]
[SourceVersionDate "2024.10.14"]
[SourceQuality "1"]
[WhiteTeam "Bulgaria"]
[BlackTeam "Iceland"]
[WhiteTeamCountry "BUL"]
[BlackTeamCountry "ISL"]

1. d4 d5 2. c4 c6 3. Nf3 Nf6 4. Nc3 dxc4 5. e4 b5 6. Be2 e6 7. 0-0 Bb7 8. Rb1 Qc7 9. a3 Nbd7 10. b3 cxb3 11. Qxb3 a6 12. Rd1 h6 13. Bd2 c5 14. d5 e5 15. Bxb5 axb5 16. Nxb5 Qb8 17. d6 Bxd6 18. Nxd6+ Qxd6 19. Qxb7 Rb8 20. Qxb8+ Nxb8 21. Bc3 Qxd1+ 22. Rxd1 Nxe4 23. Bxe5 0-0 24. Nd2 Rd8 25. Rb1 Rxd2 26. Rxb8+ Kh7 27. h3 Rxf2 28. Rb1 Rf5 29. Bb2 c4 30. Rc1 Rc5 31. Bd4 Rc6 32. a4 c3 33. Be3 Nf6 34. a5 Nd5 35. Kf2 Rf6+ 36. Ke2 Re6 37. Kd3 Nxe3 38. Rxc3 Nxg2 39. Kc4 Ne3+ 40. Kb5 Nf5 41. a6 Nd4+ 42. Ka5 Re1 43. Rc4 Ra1+ 44. Kb6 Rb1+ 45. Kc5 Ne6+ 46. Kc6 Rb8 47. a7 Nd8+ 48. Kc5 Ra8 49. Kb6 g5 50. Rc5 Kg6 51. Rd5 f6 0-1

[Event "Olympiad-45"]
[Site "Budapest"]
[Date "2024.09.12"]
[Round "2.3"]
[White "Harikrishna, Pentala"]
[Black "Gretarsson, Helgi Ass"]
[Result "1-0"]
[WhiteElo "2686"]
[BlackElo "2450"]
[PlyCount "115"]
[EventDate "2024.09.11"]
[EventType "team-swiss"]
[EventRounds "11"]
[EventCountry "HUN"]
[SourceTitle "EXT 2025"]
[Source "ChessBase"]
[SourceDate "2024.10.14"]
[SourceVersion "1"]
[SourceVersionDate "2024.10.14"]
[SourceQuality "1"]
[WhiteTeam "India"]
[BlackTeam "Iceland"]
[WhiteTeamCountry "IND"]
[BlackTeamCountry "ISL"]

1. d4 d5 2. Nf3 Nf6 3. c4 c6 4. Nc3 a6 5. a4 e6 6. Bg5 Be7 7. e3 a5 8. Bd3 Na6 9. 0-0 Nb4 10. Bb1 b6 11. cxd5 cxd5 12. Bd3 0-0 13. Rc1 Bb7 14. Nb5 Rc8 15. Rxc8 Qxc8 16. Ne5 Qd8 17. Bf4 Ne4 18. Bb1 Ba6 19. Qe2 f6 20. Nd3 Bxb5 21. axb5 Qd7 22. f3 Nd6 23. Nxb4 axb4 24. Bd3 Rc8 25. Bg3 Nf7 26. Bf2 Bd6 27. e4 g6 28. Be3 Kg7 29. f4 dxe4 30. Bxe4 Bb8 31. Bc6 Qd6 32. d5 Bc7 33. Qc4 e5 34. f5 Qe7 35. Qg4 g5 36. Qe4 Rb8 37. g3 Bd6 38. Rc1 Qa7 39. Qc4 Rc8 40. Kg2 Nd8 41. Qf1 Qa2 42. Qe2 Rb8 43. Qd2 Nf7 44. Bd7 e4 45. Be6 Qb3 46. Rc7 Rf8 47. Rb7 Bc5 48. Bxc5 Qf3+ 49. Kg1 bxc5 50. Qf2 Qd1+ 51. Kg2 Qd3 52. b6 e3 53. Qf3 Qd2+ 54. Kh3 Qe1 55. Bxf7 Rxf7 56. Rxf7+ Kxf7 57. b7 e2 58. Qh5+ 1-0

[Event "Olympiad-45"]
[Site "Budapest"]
[Date "2024.09.11"]
[Round "1.46"]
[White "Pedro Manuel, Envo Engonga Avomo"]
[Black "Gretarsson, Helgi Ass"]
[Result "0-1"]
[WhiteElo "1702"]
[BlackElo "2450"]
[PlyCount "70"]
[EventDate "2024.09.11"]
[EventType "team-swiss"]
[EventRounds "11"]
[EventCountry "HUN"]
[SourceTitle "EXT 2025"]
[Source "ChessBase"]
[SourceDate "2024.10.14"]
[SourceVersion "1"]
[SourceVersionDate "2024.10.14"]
[SourceQuality "1"]
[WhiteTeam "Guinea"]
[BlackTeam "Iceland"]
[WhiteTeamCountry "GUI"]
[BlackTeamCountry "ISL"]

1. e4 Nf6 2. Bc4 Nxe4 3. Bxf7+ Kxf7 4. Qh5+ Kg8 5. Qd5+ e6 6. Qxe4 d5 7. Qe2 c5 8. Nf3 Nc6 9. Nc3 e5 10. h3 Nd4 11. Nxd4 exd4 12. Ne4 d3 13. Qxd3 Bf5 14. f3 Qd7 15. c4 dxe4 16. Qxd7 Bxd7 17. fxe4 Bd6 18. Rf1 Rf8 19. d3 Rxf1+ 20. Kxf1 Kf7 21. Be3 Rc8 22. Ke2 Rc6 23. b4 cxb4 24. Bxa7 b5 25. cxb5 Rc2+ 26. Kf3 Bxb5 27. Bd4 Bxd3 28. e5 Bf8 29. g4 Ke6 30. Ke3 Bc4 31. a4 bxa3 32. Rb1 Kd5 33. Rb8 Re2+ 34. Kf4 Kxd4 35. Rxf8 Rf2+ 0-1

[Event "Spilimbergo op 22nd"]
[Site "Spilimbergo"]
[Date "2024.08.14"]
[Round "8"]
[White "Dauner, Benedikt"]
[Black "Gretarsson, Helgi Ass"]
[Result "0-1"]
[WhiteElo "2342"]
[BlackElo "2454"]
[PlyCount "88"]
[EventDate "2024.08.09"]
[EventType "swiss"]
[EventRounds "9"]
[EventCountry "ITA"]
[SourceTitle "EXT 2025"]
[Source "ChessBase"]
[SourceDate "2024.10.14"]
[SourceVersion "1"]
[SourceVersionDate "2024.10.14"]
[SourceQuality "1"]

1. d4 g6 2. e4 Bg7 3. Nc3 d6 4. Be2 Nf6 5. h4 c5 6. dxc5 Qa5 7. Kf1 Qxc5 8. h5 Nxh5 9. Bxh5 Bxc3 10. bxc3 gxh5 11. Qd4 Qb5+ 12. Ne2 f6 13. a4 Qa5 14. Qc4 Nc6 15. Bh6 Ne5 16. Qb3 Qc5 17. f3 b6 18. Nd4 Ba6+ 19. Ke1 Bc4 20. Qb4 Rg8 21. Kf2 a5 22. Qxc5 bxc5 23. Nf5 Rb8 24. Rab1 Kd7 25. Bf4 Ng6 26. Bd2 Be6 27. Ne3 Rxb1 28. Rxb1 Ra8 29. c4 Ne5 30. Rb5 Bxc4 31. Rxa5 Ba6 32. Nd5 Nc4 33. Bc3 Ra7 34. Rb5 Bxb5 35. axb5 Rb7 36. Kg3 Rxb5 37. Kh4 Rb1 38. Kxh5 Rh1+ 39. Kg4 Rc1 40. Kh5 Rxc2 41. Kh6 Rxg2 42. Kxh7 Ke8 43. Nc7+ Kf7 44. Na8 Rh2# 0-1